000 00674nam a2200217Ia 4500
003 OSt
005 20220927105205.0
006 a|||||r|||| 00| 0
007 ta
008 220926b |||||||| |||| 00| 0 eng d
024 _a169811
037 _cReference Collections
040 _aRTL
_cRTL
_beng
041 _2eng
_aeng
082 _a"X: 545. 2s N94 - 93, N4.1"
245 0 _aMonthly Statistics of the Foreign trade of India. 1993-94. Vol.1. Exports and Re-exports.
260 _aCalcutta
_bMOP
_c1991
300 _a1767p.
_ccm.
942 _h"X: 545. 2s N94 - 93, N4.1"
_cCC
999 _c691059
_d691059